000 00524nam a22002057a 4500
003 OSt
005 20160211152212.0
008 160211b xxu||||| |||| 00| 0 eng d
020 _a9780470105542
040 _c040a
082 _a005.1
_bHOR 2008
100 _aHorstmann, Cay
_96784
245 _aBig Java /
_cCay Horstmann
250 _a3rd.ed
260 _aNew Jersey
_bJohn Wiley and sons
_c2008
300 _axxxvii, 1204p;
_bCol.ill :
_c14 cm
504 _aincludes index
650 _ajava
_93699
942 _2ddc
_cSLOAN
999 _c3039
_d3039